000 00714cam a22002531 4500
001 sa 65000787
003 DLC
005 20260227112105.0
008 940602s1963 ii b 000 0 kano
010 _asa 65000787
025 _aPL480:I-Kan-470
035 _a(OCoLC)30538589
040 _aDLC
_cCU
_dCU
_dDLC
042 _apremarc
050 0 0 _aPK2907.E7
_bK7
100 1 _aKrishnamoorthy, K.,
_d1923-1997.
245 1 0 _aSaṃskr̥ta sāhityadalli śr̥ṅgārarasa.
260 _c1963.
300 _avii, 90 p.
_c17 cm.
500 _aIn Kannada.
504 _aBibliographical footnotes.
650 0 _aSanskrit literature
_xHistory and criticism.
650 0 _aErotic literature
_xHistory and criticism.
999 _c61745
_d61745